Once cuentos contra la indecisión
محفوظ في:
| المؤلف الرئيسي: | |
|---|---|
| التنسيق: | كتاب |
| اللغة: | الإسبانية |
| منشور في: |
Valparaíso
Gobierno Regional de Valparaíso
2003
|
| سلاسل: | Cuentos
|
| الموضوعات: | |
| الوسوم: |
إضافة وسم
لا توجد وسوم, كن أول من يضع وسما على هذه التسجيلة!
|
MARC
| LEADER | 00000nam a2200000 a 4500 | ||
|---|---|---|---|
| 001 | UCL4513 | ||
| 003 | CL-VaPUC | ||
| 008 | 040116e20030000CL |||||||||||||||||spa|d | ||
| 020 | |a 9567944458 | ||
| 082 | 0 | 4 | |a Ch863 |b LAB |2 21 |
| 100 | 0 | |a Labarca Agurto, Juan Cristóbal |e author |9 482048 | |
| 245 | 1 | 0 | |a Once cuentos contra la indecisión |
| 300 | |a 86 p | ||
| 942 | |c BK | ||
| 945 | |d 20040116 00:00:00 |a cmena | ||
| 260 | |a Valparaíso |b Gobierno Regional de Valparaíso |c 2003 | ||
| 650 | 0 | |a Cuentos chilenos |9 308280 | |
| 650 | 0 | |a Literatura chilena |9 308278 | |
| 583 | |a last modification |c 20040116 00:00:00 |k Rodrigo Vera | ||
| 490 | 0 | |a Cuentos | |
| 999 | |c 307337 |d 307335 | ||
| 952 | |0 0 |1 0 |4 0 |6 CH_863_000000000000000_LAB_2003 |7 0 |8 A |9 373218 |a BIBEDU |b BIBEDU |d 2019-11-21 |i 3982920 |o Ch863 LAB 2003 |p 3982920 |r 2019-11-21 |w 2019-11-21 |y BK |k LIT | ||
| 952 | |0 0 |1 0 |4 0 |6 CH_863_000000000000000_LAB_2003 |7 0 |8 A |9 373219 |a BIBEDU |b BIBEDU |d 2019-11-21 |i 3983048 |o Ch863 LAB 2003 |p 3983048 |r 2019-11-21 |w 2019-11-21 |y BK |k EDU | ||